Acento : (Registro nro. 9462)

000 -CABECERA
campo de control de longitud fija 00776nam a2200241 a 4500
001 - NÚMERO DE CONTROL
campo de control 000081046
005 - FECHA Y HORA DE LA ÚLTIMA TRANSACCIÓN
campo de control 20200120224426.0
008 - DATOS DE LONGITUD FIJA--INFORMACIÓN GENERAL
campo de control de longitud fija 161109s2010 ck a|||gr|||| 001 ||spa d
020 ## - NÚMERO INTERNACIONAL ESTÁNDAR DEL LIBRO
Número Internacional Estándar del Libro 9790801628008
041 0# - CÓDIGO DE LENGUA
Código de lengua del texto/banda sonora o título independiente /+spa
043 ## - CÓDIGO DE ÁREA GEOGRÁFICA
Código de área geográfica s-ck---
082 04 - NÚMERO DE LA CLASIFICACIÓN DECIMAL DEWEY
Número de clasificación 784.8
Número de documento/Ítem A22
Número de edición 21
245 10 - MENCIÓN DE TÍTULO
Título Acento :
Resto del título obras originales par banda.
250 ## - MENCIÓN DE EDICIÓN
Mención de edición 1a. ed.
260 ## - PUBLICACIÓN, DISTRIBUCIÓN, ETC.
Lugar de publicación, distribución, etc. Bogotá :
Nombre del editor, distribuidor, etc. Ministerio de Cultura,
Fecha de publicación, distribución, etc. 2010.
300 ## - DESCRIPCIÓN FÍSICA
Extensión v. :
Otras características físicas ilustraciones.
Material acompañante/anejo + 1 CD-ROM : Contiene todos los archivos en formato PDF
500 ## - NOTA GENERAL
Nota general Incluye índice
501 ## - NOTA DE "CON"
Nota de “Con” PLan Nacionl de Música para la Convivencia
650 17 - PUNTO DE ACCESO ADICIONAL DE MATERIA--TÉRMINO DE MATERIA
Término de materia o nombre geográfico como elemento de entrada Bandas de música
Fuente del encabezamiento o término LEMB
650 27 - PUNTO DE ACCESO ADICIONAL DE MATERIA--TÉRMINO DE MATERIA
Término de materia o nombre geográfico como elemento de entrada Acento musical
Fuente del encabezamiento o término LEMB
650 27 - PUNTO DE ACCESO ADICIONAL DE MATERIA--TÉRMINO DE MATERIA
Término de materia o nombre geográfico como elemento de entrada Instrumentos de viento
Subdivisión general Partituras
Fuente del encabezamiento o término LEMB
650 27 - PUNTO DE ACCESO ADICIONAL DE MATERIA--TÉRMINO DE MATERIA
Término de materia o nombre geográfico como elemento de entrada Dirección de orqustas
Subdivisión general Partituras
Fuente del encabezamiento o término LEMB
Existencias
Estado de retiro Estado de pérdida Fuente del sistema de clasificación o colocación Estado dañado No para préstamo Código de colección Localización permanente Ubicación/localización actual Fecha de adquisición Número de inventario Total de préstamos Signatura topográfica completa Código de barras Fecha visto por última vez Número de copia Precio válido a partir de Tipo de ítem Koha Nota pública
          Colección General Biblioteca Pública San Juan Bosco Biblioteca Pública San Juan Bosco 20/01/2020 113616   784.8 A22 MOS015443 20/01/2020 ej.1 20/01/2020 Libro Ocho días
Retirado       Not For Loan Multimedia Biblioteca Pública San Juan Bosco Biblioteca Pública San Juan Bosco 20/01/2020     784.8 A22 MS 20/01/2020 Cd.1 ej.1 20/01/2020 CDROM Tres días

© Todos los derechos reservados para la Biblioteca Pública Municipal San Juan Bosco, 2020
Secretaria de Cultura de Mosquera
Carrera 3 N° 10 Esquina Centro Cultural Barrio El Carmén Teléfono: 8270830 Ext: 34
Funcionando con KOHA
Contacto: Biblioteca Pública Municipal San Juan Bosco/ bibliotecasanjuanbosco@mosquera-cundinamarca.gov.co
Mosquera, Cundinamarca